| 000 | 00728nam a2200253Ia 4500 | ||
|---|---|---|---|
| 008 | 160319s9999 xx 000 0 und d | ||
| 020 | _a9789712721823 | ||
| 050 | _aFil 920 | ||
| 050 | _bJ91c 2009 | ||
| 245 | _aCory : | ||
| 245 | _ban intimate portrait / | ||
| 245 | _cMargie Penson-Juico, editor. | ||
| 260 | _aPasig City : | ||
| 260 | _bAnvil Publishing Inc. | ||
| 260 | _c2009 | ||
| 300 | _a290 pages : | ||
| 300 | _b illustrations ; | ||
| 300 | _c23 cm. | ||
| 500 | _av. 2. Selected tributes and eulogies. | ||
| 650 | _aAquino, Corazon Cojuangco, 1933-2009. | ||
| 650 | _aPhilippines -- Politics and government -- 1986- | ||
| 650 | _aPresidents -- Philippines | ||
| 700 | _aJuico, Margarita Penson. | ||
| 999 |
_c292360 _d292360 |
||